KLUBY EKSTRAKLASY 24/25 nagła smierc - Statystyki

Ogólne statystyki
  • Ten quiz został rozwiązany 1 655 razy
  • Średni wynik to 4 z 6
Answers on the Grid
Answers color-coded by a green-red scale on the quiz's grid according to % correct below.
LECH POZNAN
ŁKS ŁÓDZ
MOTOR LUBLIN
ZAGLEBIE LUBIN
WISŁA KRAKOW
PUSZCZA NIEPOLOMICE
WARTA POZNAN
B-B TERMALICA NIECIECZA
LECHIA GDANSK
ARKA GDYNIA
KSZO OSTROWIEC SWIETOKRZYSKI
LEGIA WARSZAWA
 
Statystyki odpowiedzi
Odpowiedź % Poprawnych
LECH POZNAN
96%
LEGIA WARSZAWA
73%
MOTOR LUBLIN
71%
ZAGLEBIE LUBIN
69%
PUSZCZA NIEPOLOMICE
67%
LECHIA GDANSK
64%
Nie znaleziono quizów pasujących do podanych kryteriów
Rozkład punktacji
Procent ludzi z każdym wynikiem
Percentyl według liczby udzielonych odpowiedzi
Twoja historia wyników
Nie rozwiązałeś tego quizu